Splendours of the betwa Valley heritage / (Record no. 77181)

MARC details
000 -LEADER
fixed length control field 00727nam a22002177a 4500
005 - DATE AND TIME OF LATEST TRANSACTION
control field 20130913115457.0
010 ## - LCCN (DPL NO)
LC control number ENG-107812
020 ## - INTERNATIONAL STANDARD BOOK NUMBER
International Standard Book Number 9789380574356
Terms of availability 4975.00
035 ## - SYSTEM CONTROL NUMBER
System control number EN-91345
037 ## - SOURCE OF ACQUISITION
Source of stock number/acquisition DBAD/PUB
082 ## - DEWEY DECIMAL CLASSIFICATION NUMBER
Classification number 954.3
245 ## - TITLE STATEMENT
Title Splendours of the betwa Valley heritage /
Statement of responsibility, etc edited by Pukhraj Maroo [and] Om Prakash Misra
260 ## - PUBLICATION, DISTRIBUTION, ETC. (IMPRINT)
Place of publication, distribution, etc Delhi
Name of publisher, distributor, etc Bookwell
Date of publication, distribution, etc 2012
270 ## - ADDRESS
Address 3/79, Nirankari Colony
City Delhi
Postal code 110009
300 ## - PHYSICAL DESCRIPTION
Extent xxxi, 389 p :
Dimensions 29cm(Hb)
Other physical details illustrations (chiefly color), maps (chiefly color) ;
500 ## - GENERAL NOTE
General note Includes bibliographical references
500 ## - GENERAL NOTE
General note Contributed articles
700 ## - ADDED ENTRY--PERSONAL NAME
Personal name Maroo, Pukhraj
700 ## - ADDED ENTRY--PERSONAL NAME
Personal name Misra, Om Prakash
942 ## - ADDED ENTRY ELEMENTS (KOHA)
Source of classification or shelving scheme Dewey Decimal Classification
Item type English Books
Call number suffix SPL
Classification part 954.3
Holdings
Withdrawn status Lost status Not for loan Collection code Home library Current library Date acquired Source of acquisition Cost, normal purchase price Full call number Barcode Copy number Cost, replacement price Koha item type
    Not For Loan Non-fiction D.B.Act.Division D.B.Act.Division 04/07/2013 DBAD/PUB 4975.00 954.3 SPL EN-91345 1 4975.00 English Books

© Delhi Public Library
Hit Counter
free hit counter